| 000 | 00817nam a2200241 i 4500 | ||
|---|---|---|---|
| 001 | 142600 | ||
| 003 | ES-MaACL | ||
| 005 | 20250819063104.0 | ||
| 007 | t| | ||
| 008 | 071009s1969 sp ||||1| spa d | ||
| 080 | _a336.74(091) | ||
| 100 | 1 |
_aVilar, Pierre, _d1906-2003 _9114800 |
|
| 245 | 1 | 0 |
_aOro y moneda en la historia (1450-1920) / _cPierre Vilar ; [traducción de Armando Sáez Buesa y Juana Sabater Borrell ; revisada por Jorge Nadal Oller]. |
| 260 |
_aBarcelona : _bAriel, _c[1969] |
||
| 300 |
_a430 p. ; _c19 cm. |
||
| 650 | 1 | 4 |
_aMoneda- _xHistoria. _915158 |
| 700 | 1 |
_aSabater Borrell, Juana. _9101176 |
|
| 700 | 1 |
_aNadal, Jordi. _984797 |
|
| 700 | 1 |
_aSáez, Armando. _9101346 |
|
| 852 |
_aES-MaACL _jC-50295 _bR.71321 |
||
| 852 |
_aES-MaACL _jA-8931 _bR.98301 |
||
| 999 |
_c142600 _d142600 |
||